LEADER 00908nam0-22002891i-450 001 990000729290403321 005 20221220113518.0 035 $a000072929 035 $aFED01000072929 035 $a(Aleph)000072929FED01 100 $a20020821d1957----km-y0itay50------ba 101 0 $aeng 102 $aUS 105 $aa-------001yy 200 1 $a1857-1957$eone hundred years of architecture in America celebrating the centannial of the american institute of architects$fby Frederick Gutheim 210 $aNew York$cReinhold publishing corporation$d1957 215 $a96 p.$cill.$d24 cm 610 0 $aAmerica$aArchitettura 700 1$aGutheim,$bFrederick$02328 801 0$aIT$bUNINA$gRICA$2UNIMARC 901 $aBK 912 $a990000729290403321 952 $aARCH B 311$b4034$fFARBC 952 $aFONDO ROSSI 2362$bROSSI 2440$fFARBC 959 $aFARBC 996 $a1857-1957$9322316 997 $aUNINA LEADER 01555nam 2200433 n 450 001 996389086803316 005 20221108062259.0 035 $a(CKB)1000000000645892 035 $a(EEBO)2240885730 035 $a(UnM)99828146 035 $a(UnM)9927818000971 035 $a(EXLCZ)991000000000645892 100 $a19950331d1659 uy | 101 0 $aeng 135 $aurbn||||a|bb| 200 14$aThe petty-schoole$b[electronic resource] $eShewing a way to teach little children to read English with delight and profit, (especially) according to the new primar. By C. H 210 $aLondon $cprinted by J.T. for Andrew Crook, at the Green Dragon in Pauls Church Yard$d1659 215 $a[2], 41, [3] p 300 $aC.H. = Charles Hoole; attribution from Wing. 300 $aLast leaf blank. 300 $aReproduction of the original in the Bodleian Library. 330 $aeebo-0014 606 $aReading (Primary)$zEngland$vEarly works to 1800 606 $aEnglish language$xOrthography and spelling$vEarly works to 1800 606 $aEducation, Primary$zEngland$vEarly works to 1800 606 $aEducation$vEarly works to 1800 615 0$aReading (Primary) 615 0$aEnglish language$xOrthography and spelling 615 0$aEducation, Primary 615 0$aEducation 700 $aHoole$b Charles$f1610-1667.$0793350 801 0$bCu-RivES 801 1$bCu-RivES 801 2$bCStRLIN 801 2$bWaOLN 906 $aBOOK 912 $a996389086803316 996 $aThe petty-schoole$92303550 997 $aUNISA